000 00526nam a22001937a 4500
003 0
005 20240920123757.0
008 240920b xxu||||| |||| 00| 0 eng d
020 _a978-93-575177-5-1
050 _aPN 1991
_b.Al 55 2024
100 _aAllan, Haden
245 _aOnline news
_cAllan, Haden
260 _aNew Delhi India
_bRandom publications
_cC2024
300 _aix,292p.
_c24cm.
500 _aNews, websites.
500 _aOnline information.
650 _aIncludes bibliography & index.
942 _2lcc
_cBK
999 _c366273
_d366273